000 00689nam a2200241Ia 4500
003 OSt
005 20220925233825.0
006 a|||||r|||| 00| 0
007 ta
008 220923b |||||||| |||| 00| 0 eng d
037 _cGeneral Book
040 _aRTL
_cRTL
_beng
041 _2eng
_aeng
082 _aU35:(G:5).2.N9, N2
100 _aChaudhuri A B
_9257087
245 0 _aPlant wild life and man
_b A conservation scenario o
260 _a New Delhi
_bAshish
_c1992
300 _axii, 276p
_ccm.
500 _aBibliography: P 271-72
650 _aBiogeography
942 _hU35:(G:5).2.N9, N2
_cGB
_2CC
999 _c594669
_d594669